Storočnica politika - národovca

Pripomenutie si osobnosti JUDr. Jozefa Lettricha pri príležitosti stého narodenia. Snaha objektivizovať podiel dr. Lettricha v zlomových udalostiach slovenských dejín v štyridsiatych rokoch 20. storočia. Životopis J. Lettricha (1905). Pokus o podanie celostného obrazu ako o slovenskom (ale i českosl...

Descripción completa

Guardado en:
Detalles Bibliográficos
Autor principal: Kupkovič, Miroslav
Formato: Capítulo de libro
Lenguaje:eslovaco
Materias:
Etiquetas: Agregar Etiqueta
Sin Etiquetas, Sea el primero en etiquetar este registro!

MARC

LEADER 00000naa$a2200000$$$4500
001 0038287
005 20240502071459.1
041 0 |a slo 
044 |a SK 
245 1 0 |a Storočnica politika - národovca  |c Miroslav Kupkovič 
520 |a Pripomenutie si osobnosti JUDr. Jozefa Lettricha pri príležitosti stého narodenia. Snaha objektivizovať podiel dr. Lettricha v zlomových udalostiach slovenských dejín v štyridsiatych rokoch 20. storočia. Životopis J. Lettricha (1905). Pokus o podanie celostného obrazu ako o slovenskom (ale i československom) politikovi. 
610 2 0 |a história 
610 2 0 |a 1940-1950 
610 2 0 |a Slovensko 
610 2 0 |a osobnosť 
610 2 0 |a Lettrich, J. 
610 2 0 |a politika 
610 2 0 |a životopisy 
100 1 |a Kupkovič, Miroslav